| 000 | 01178cam9a220028900 4500 | ||
|---|---|---|---|
| 001 | lce00431108 | ||
| 008 | 780418s1978 nmu b 001 0 eng | ||
| 010 | _a 78055698 | ||
| 020 |
_c _9.50 |
||
| 035 | _a(Sirsi) r9992 | ||
| 035 | _a(DLC) 78055698 | ||
| 035 | _a(UPRA)lce00431108 | ||
| 043 | _an-us--- | ||
| 050 | 0 |
_aPS153.I52 _bL3 |
|
| 082 | _a813/.009 | ||
| 100 | 1 |
_aLarson, Charles R. _6A63435.1 |
|
| 245 | 1 | 0 |
_aAmerican Indian fiction / _cCharles R. Larson. |
| 250 | _a1st ed. | ||
| 260 |
_aAlbuquerque : _bUniversity of New Mexico Press, _cc1978. |
||
| 500 | _aIncludes index. | ||
| 504 | _aBibliography: p. 201-204. | ||
| 650 | 0 |
_aAmerican fiction -- Indian authors -- History and criticism. _xAmerican fiction -- Indian authors -- History and criticism. _xAmerican fiction -- Indian authors -- History and criticism. _6S49279.1 |
|
| 650 | 0 |
_aAmerican fiction -- 20th century -- History and criticism. _yAmerican fiction -- 20th century -- History and criticism. _xAmerican fiction -- 20th century -- History and criticism. _6S17078.1 |
|
| 650 | 0 |
_aIndians in literature. _6S49280.1 |
|
| 949 |
_aPS153.I52 _wlcc _i-1669 _mMAIN _tBOOK _lON-SHELF |
||
| 004 | 9992 | ||
| 999 |
_c136910 _d136910 |
||